Uso de explosivos en el tunel de la Carpintera
Gespeichert in:
| 1. Verfasser: | |
|---|---|
| Format: | Buch |
| Veröffentlicht: |
[San José , Costa Rica]
1982
|
| Schlagworte: | |
| Tags: |
Tag hinzufügen
Keine Tags, Fügen Sie den ersten Tag hinzu!
|
MARC
| LEADER | 00000nam a2200000Ia 4500 | ||
|---|---|---|---|
| 003 | 002078 | ||
| 005 | 20221231144421.0 | ||
| 008 | 140114s1982 c a m 000 ||s d | ||
| 040 | |c cru CEDI | ||
| 090 | |a TFG 1249 | ||
| 100 | |a Castro Ulloa, Rolando |9 15420 | ||
| 245 | |a Uso de explosivos en el tunel de la Carpintera | ||
| 260 | |c 1982 |a [San José , Costa Rica] | ||
| 300 | |a 70 hojas : ilustraciones ; 28 cm | ||
| 500 | |a Proyecto de graduación (ingeniero civil)--Universidad de Costa Rica. Facultad de Ingeniería. Escuela de Ingeniería Civil | ||
| 650 | |x EXPLOSIVOS |x CERROS DE LA CARPINTERA (COSTA RICA) |9 15421 | ||
| 942 | |c TFG | ||
| 999 | |c 21586 |d 21586 | ||
